00460nam a2200181Ia 4500008004100000020001800041050001400059100002100073245003300094245005200127260001500179260001600194260000900210300001400219300002700233300001000260500000800270170918s9999 xx 000 0 und d a9780545446839 bP154 2011 aPalatini, Margie aGoldie and the three hares / cMargie Palatini ; illustrated by Jack E. Davis. aNew York : bScholastic, c2011 aunpaged : bcolored illustration ; c28cm. a610